000 00499cam a2200193ua 4500
001 6699
008 140305n ii |||gr||||Z||||||eng
020 _a978-93-272-2725-3
040 _cMAIN
082 _a658.8
245 _aService marketing
_cBy Parampal Singh
260 _aLudhiana:
_bKalyani publishers,
_c2013.
300 _ax,363p.
653 _aGeneral management
653 _aService marketing
700 _aSingh,Parampal,
_eAuthor.,
700 _aKaur, Ramneek,
_eAuthor.
942 _cBK
999 _c5847
_d5847